00887nam a2200253 a 450000100060000000300080000600500170001400800410003102000250007203500190009704000270011604100080014308200250015110000310017624500450020726000410025230000250029350400510031865000330036983000430040294200120044599900170045795201590047462305BD-RjUL20211209081052.0170123s2007 mau b 001 0 eng  a9781405113533 (hbk.) a(BD-RjUL)62431 aDLCcDLCdBD-RjULbeng aeng00a792.01223bHAA 20071 aHamilton, James R.918531514aThe art of theater /cJames R. Hamilton. aMalden, MA ;bBlackwell Pub.,c2007. axv, 226 p. ;c24 cm. aIncludes bibliographical references and index. 0aTheaterxPhilosophy.9185317 aNew directions in aesthetics ;9185325 2ddccBK c62305d62305 00102ddc40718NFICaRUCLbRUCLcReadingd2013-04-30eDhaka. space marketing commg3360.00l0o792.01 HAA 2007r2017-01-23 00:00:00tC-1w2017-01-23yBK